Loreto College Library, Kolkata
WEBOPAC (ONLINE PUBLIC ACCESS CATALOGUE)

Twenty years a growing (Record no. 25031)

MARC details
000 -LEADER
fixed length control field 00478nam a2200169Ia 4500
008 - FIXED-LENGTH DATA ELEMENTS--GENERAL INFORMATION
fixed length control field 131103s9999 xx 000 0 und d
040 ## - CATALOGING SOURCE
Original cataloging agency Loreto College
041 ## - LANGUAGE CODE
Language code English
082 ## - DDC | ডিউই
Classification number | বর্গসংখ্যা 920/OSU
Book Number | গ্রন্থাঙ্ক LCLIB/
100 ## - MAIN ENTRY--PERSONAL NAME | মুখ্য সংলেখ - ব্যাক্তিনাম
Personal name | ব্যাক্তিনাম O'sullivan, Maurice
245 ## - TITLE STATEMENT | অাখ্যা বিবরণী
Title | অাখ্যা Twenty years a growing
Statement of responsibility | লেখকের দায়িত্বের বিবরণ maurice o' Sullivan
260 ## - IMPRINT | প্রকাশনা ক্ষেত্র
Place of publication | প্রকাশ স্থান Harmondsworth
Name of publisher | প্রকাশকের নাম Penguin Books
Date of publication | প্রকাশ কাল 1938
300 ## - PHYSICAL DESCRIPTION |
Page / Vol. No | পৃষ্ঠা / খন্ড সংখ্যা xii,246p.
650 ## - SUBJECT ADDED ENTRY--TOPICAL TERM | বিষয় শিরোনাম - মূল বিষয়
Topical term | মূল বিষয় O'sullivan, Maurice - Autobiography
850 ## - HOLDING INSTITUTION
Holding institution LCLIB/920/OSU
942 ## - ADDED ENTRY ELEMENTS (KOHA)
Koha item type Books
Holdings
Withdrawn status Lost status Damaged status Not for loan Home library Current library Date acquired Total Checkouts Full call number Accession No. Date last seen Price effective from Koha item type
        Loreto College Loreto College 04/11/2013   920/OSU LCLIB/ B27829 04/11/2013 04/11/2013 Books